[Event "SLO-chT1 West"]
[Site "Slovenia"]
[Date "2022.10.08"]
[Round "2.3"]
[White "Trussevich, Simon"]
[Black "Juhant, Igor"]
[Result "1-0"]
[WhiteElo "2167"]
[BlackElo "1964"]
[PlyCount "53"]
[EventDate "2022.10.07"]
[EventType "team-tourn"]
[EventRounds "9"]
[EventCountry "SLO"]
[SourceTitle "CBM 210 Extra"]
[Source "ChessBase"]
[SourceDate "2022.11.30"]
[SourceVersion "1"]
[SourceVersionDate "2022.11.30"]
[SourceQuality "1"]
[WhiteTeam "Ljubljana Tajfun"]
[BlackTeam "Komenda"]
[WhiteTeamCountry "SLO"]
[BlackTeamCountry "SLO"]

1. Nf3 Nf6 2. c4 c5 3. e3 Nc6 4. Be2 e6 5. 0-0 Be7 6. b3 0-0 7. Bb2 d5 8. cxd5 exd5 9. d4 b6 10. Nbd2 Bb7 11. Rc1 Rc8 12. h3 Ne4 13. dxc5 Bxc5 14. Nb1 Qe7 15. Nd4 Nxd4 16. Bxd4 Bxd4 17. Qxd4 Rxc1 18. Rxc1 Qf6 19. Qxf6 gxf6 20. Bg4 Nc5 21. Nd2 Kg7 22. Nf3 Kg6 23. Nd4 Re8 24. b4 Na6 25. a3 Re5 26. Be2 Re7 27. Bd3+ 1-0

[Event "Oberliga Wuerttemberg 1920"]
[Site "Wuerttemberg"]
[Date "2020.03.01"]
[Round "8.8"]
[White "Trussevich, Simon"]
[Black "Hamburg, Arthur"]
[Result "1-0"]
[WhiteElo "2176"]
[BlackElo "1881"]
[PlyCount "117"]
[EventDate "2019.09.15"]
[EventType "team-tourn"]
[EventRounds "9"]
[EventCountry "GER"]
[SourceTitle "EXT 2021"]
[Source "ChessBase"]
[SourceDate "2020.10.23"]
[SourceVersion "1"]
[SourceVersionDate "2020.10.23"]
[SourceQuality "1"]
[WhiteTeam "Jedesheim"]
[BlackTeam "Schmiden Cannstatt"]
[WhiteTeamCountry "GER"]
[BlackTeamCountry "GER"]

1. Nf3 d5 2. e3 Nf6 3. c4 e6 4. a3 c5 5. cxd5 exd5 6. d4 Nc6 7. dxc5 Bxc5 8. b4 Bb6 9. Bb2 0-0 10. Be2 a6 11. 0-0 Re8 12. Nd4 Ne5 13. Nd2 Qd6 14. N4f3 Neg4 15. Nc4 Qd8 16. Nxb6 Qxb6 17. Bd4 Qd6 18. h3 Nh6 19. Rc1 Ne4 20. Qc2 Qg6 21. Kh1 Be6 22. Qb2 Rac8 23. Rxc8 Rxc8 24. Bd1 Nf5 25. Be5 f6 26. Bh2 Qh6 27. Nd4 Nxd4 28. Qxd4 Rc1 29. Qb2 Rc8 30. Bb3 Qh4 31. Kg1 Qg5 32. Bf4 Qf5 33. Bh2 h5 34. Kh1 g5 35. Kg1 g4 36. h4 g3 37. Bxg3 Qg4 38. Bd1 Qg6 39. Kh2 Kf7 40. Bf4 Rg8 41. Bf3 Bg4 42. Bxe4 dxe4 43. Bg3 Bd7 44. Rd1 Bc6 45. Rd6 Ke7 46. Qd4 Qf5 47. Qb6 Kf7 48. Qc7+ Kg6 49. Rd4 Qg4 50. Qd6 Rc8 51. Rd2 Bb5 52. Qd5 Bf1 53. Qd7 Bb5 54. Qxb7 Rc1 55. Qd5 Qc8 56. f3 Qc3 57. Qg8+ Kf5 58. fxe4+ Kxe4 59. Qg6+ 1-0

[Event "Nova Gorica op 25th"]
[Site "Nova Gorica"]
[Date "2020.01.29"]
[Round "8"]
[White "Debevec, Blaz"]
[Black "Trussevich, Simon"]
[Result "1/2-1/2"]
[WhiteElo "2211"]
[BlackElo "2123"]
[PlyCount "41"]
[EventDate "2020.01.24"]
[EventType "swiss"]
[EventRounds "9"]
[EventCountry "SLO"]
[SourceTitle "CBM 194"]
[Source "ChessBase"]
[SourceDate "2020.01.27"]
[SourceVersion "1"]
[SourceVersionDate "2020.01.27"]
[SourceQuality "1"]

1. e4 c5 2. Nf3 a6 3. c4 d6 4. d4 cxd4 5. Nxd4 Nf6 6. Nc3 e6 7. Be2 Nbd7 8. 0-0 Qc7 9. Be3 b6 10. f3 Bb7 11. Qd2 Be7 12. Rfd1 0-0 13. a3 Rac8 14. Rac1 Qb8 15. b4 Bd8 16. Kh1 Bc7 17. Bf1 Rfe8 18. Qf2 Rcd8 19. h3 Nh5 20. g4 Nhf6 21. Nb3 1/2-1/2

[Event "Oberliga Wuerttemberg 1920"]
[Site "Wuerttemberg"]
[Date "2020.01.19"]
[Round "6.8"]
[White "Trussevich, Simon"]
[Black "Wunder, Fabian"]
[Result "0-1"]
[WhiteElo "2176"]
[BlackElo "2032"]
[PlyCount "137"]
[EventDate "2019.09.15"]
[EventType "team-tourn"]
[EventRounds "9"]
[EventCountry "GER"]
[SourceTitle "EXT 2021"]
[Source "ChessBase"]
[SourceDate "2020.10.23"]
[SourceVersion "1"]
[SourceVersionDate "2020.10.23"]
[SourceQuality "1"]
[WhiteTeam "Jedesheim"]
[BlackTeam "Weiler im Allgaeu"]
[WhiteTeamCountry "GER"]
[BlackTeamCountry "GER"]

1. Nf3 e6 2. c4 b6 3. e3 Bb7 4. Be2 f5 5. b3 Nf6 6. Bb2 Be7 7. d3 Na6 8. Nbd2 c5 9. a3 Nc7 10. Qc2 d6 11. d4 0-0 12. Bd3 Qe8 13. dxc5 bxc5 14. b4 g6 15. bxc5 dxc5 16. Qc3 h6 17. 0-0 Kh7 18. Ne5 Rg8 19. Qc2 Nd7 20. Ndf3 Rf8 21. Rab1 Rb8 22. Rfd1 Nb6 23. Ba1 Bf6 24. Nd2 Nd7 25. Nxd7 Qxd7 26. Bxf6 Rxf6 27. Nb3 Qc6 28. f3 Ba8 29. Na5 Qe8 30. Qc3 Rxb1 31. Rxb1 e5 32. Nb7 Qe7 33. Qa5 Na6 34. Nd8 Rd6 35. Bc2 Qxd8 36. Qc3 Qe7 37. h4 h5 38. Ba4 Bc6 39. Bc2 Re6 40. Qa5 Be8 41. Qc3 Rb6 42. Rd1 Nb8 43. Rd5 Nc6 44. g3 Bf7 45. Rd1 Be6 46. Ba4 Qc7 47. Kf2 Nd8 48. Bc2 Nf7 49. Bd3 Rd6 50. Rb1 Qd7 51. Be2 Rb6 52. Rc1 Qb7 53. Qa5 Rb3 54. Rd1 Rb2 55. Rd2 Rxd2 56. Qxd2 Qb3 57. Qa5 Bxc4 58. Qxc5 Bxe2 59. Kxe2 Qb8 60. Qe7 Kg7 61. Ke1 a6 62. Ke2 Qd6 63. Qb7 Qxa3 64. g4 fxg4 65. fxg4 hxg4 66. Qe4 Qb2+ 67. Kd1 g3 68. Qg4 g2 69. h5 0-1

[Event "SLO-chT Central 20th"]
[Site "Slovenia"]
[Date "2019.10.17"]
[Round "6.1"]
[White "Jelen, Igor"]
[Black "Trussevich, Simon"]
[Result "1-0"]
[WhiteElo "2350"]
[BlackElo "2176"]
[PlyCount "45"]
[EventDate "2019.09.12"]
[EventType "team-tourn"]
[EventRounds "7"]
[EventCountry "SLO"]
[SourceTitle "EXT 2024"]
[Source "ChessBase"]
[SourceDate "2023.10.10"]
[SourceVersion "1"]
[SourceVersionDate "2023.10.10"]
[SourceQuality "1"]
[WhiteTeam "Ig"]
[BlackTeam "Klinicni Center"]
[WhiteTeamCountry "SLO"]
[BlackTeamCountry "SLO"]

1. d4 d5 2. c4 dxc4 3. e3 e6 4. Bxc4 c5 5. Nf3 Nf6 6. 0-0 Be7 7. Qe2 Nc6 8. Rd1 Qc7 9. Nc3 a6 10. dxc5 Bxc5 11. a3 b5 12. Bd3 0-0 13. b4 Be7 14. Bb2 Bb7 15. Rac1 Rac8 16. Ne4 Nxe4 17. Bxe4 Rfd8 18. Ne5 Rxd1+ 19. Qxd1 Qb6 20. Bxh7+ Kxh7 21. Qh5+ Kg8 22. Qxf7+ Kh7 23. Nd7 1-0

[Event "SLO-chT 29th"]
[Site "Slovenia"]
[Date "2019.09.08"]
[Round "3.5"]
[White "Trussevich, Simon"]
[Black "Susnik, Matej"]
[Result "1-0"]
[WhiteElo "2176"]
[BlackElo "2030"]
[PlyCount "123"]
[EventDate "2019.09.06"]
[EventType "team-tourn"]
[EventRounds "9"]
[EventCountry "SLO"]
[SourceTitle "CBM 192 Extra"]
[Source "Chessbase"]
[SourceDate "2019.11.06"]
[SourceVersion "1"]
[SourceVersionDate "2019.11.06"]
[SourceQuality "1"]
[WhiteTeam "Ljubljana"]
[BlackTeam "Prevodi Dvojka"]
[WhiteTeamCountry "SLO"]
[BlackTeamCountry "SLO"]

1. Nf3 c5 2. c4 e6 3. b3 Nf6 4. Bb2 Be7 5. e3 0-0 6. Be2 Nc6 7. a3 d5 8. cxd5 exd5 9. d4 Ne4 10. dxc5 Bxc5 11. b4 Bb6 12. Nc3 Nxc3 13. Bxc3 Re8 14. 0-0 Bg4 15. h3 Bh5 16. Re1 Qd6 17. Nd4 Bg6 18. Nb5 Qd7 19. Qd2 Rad8 20. Rad1 a6 21. Nd4 Bc7 22. Nxc6 Qxc6 23. Bf1 Qd6 24. g3 Be4 25. Bg2 Qg6 26. Rc1 Bb6 27. Bd4 h5 28. h4 Bxg2 29. Bxb6 Qxb6 30. Kxg2 d4 31. exd4 Rxe1 32. Rxe1 Rxd4 33. Re8+ Kh7 34. Qc2+ Qg6 35. Qc8 Qc6+ 36. Qxc6 bxc6 37. Re5 Rd7 38. Rxh5+ Kg6 39. Ra5 Ra7 40. a4 Rb7 41. Rxa6 Rxb4 42. Rxc6+ f6 43. Ra6 Kh5 44. a5 Ra4 45. Ra8 g5 46. hxg5 fxg5 47. a6 Kg6 48. Kf3 g4+ 49. Ke3 Kg7 50. a7 Kh7 51. Kd3 Kg7 52. Kc3 Kh7 53. Kb3 Ra1 54. Kc4 Ra4+ 55. Kd5 Ra5+ 56. Ke4 Ra2 57. Ke3 Kg7 58. Re8 Rxa7 59. Re4 Ra3+ 60. Ke2 Ra2+ 61. Kf1 Ra1+ 62. Kg2 1-0

[Event "St Veit op-B 38th"]
[Site "St Veit"]
[Date "2019.07.09"]
[Round "5"]
[White "Trussevich, Simon"]
[Black "Koller, Hubert"]
[Result "1-0"]
[WhiteElo "2175"]
[BlackElo "2029"]
[PlyCount "126"]
[EventDate "2019.07.06"]
[EventType "swiss"]
[EventRounds "9"]
[EventCountry "AUT"]
[SourceTitle "EXT 2021"]
[Source "ChessBase"]
[SourceDate "2020.10.23"]
[SourceVersion "1"]
[SourceVersionDate "2020.10.23"]
[SourceQuality "1"]

1. Nf3 d6 2. c4 e5 3. d3 Be7 4. e3 f5 5. Be2 Nf6 6. Nbd2 Nc6 7. a3 a5 8. b3 0-0 9. Bb2 Bd7 10. Qc2 b6 11. Bc3 Qe8 12. Qb2 Qg6 13. g3 e4 14. Nh4 Qh6 15. d4 Nd8 16. Ng2 d5 17. h4 Ne6 18. 0-0-0 c6 19. Nb1 b5 20. c5 b4 21. axb4 axb4 22. Bxb4 Rfb8 23. Bc3 Ra7 24. Qc2 Bc8 25. Bb2 Ba6 26. Bxa6 Rxa6 27. Nf4 Nc7 28. Nc3 Ng4 29. Rhf1 Ra7 30. Na4 Na8 31. Bc3 Nc7 32. Nb6 Nb5 33. Bb2 Bd8 34. Na4 Ba5 35. Ne2 Rab7 36. Kb1 Qf6 37. Ka2 Qd8 38. Nc1 Nh2 39. Rh1 Nf3 40. Ka1 Ra8 41. Na2 Qb8 42. Rhf1 Nc7 43. Nc1 Na6 44. Bc3 Nb4 45. Bxb4 Rxb4 46. Ka2 Bc7 47. Ka3 Ra5 48. Na2 Rb7 49. Rb1 Rba7 50. N2c3 Qa8 51. Rfd1 h6 52. b4 Rb5 53. Qb3 Kh7 54. Kb2 Rb8 55. Kc2 Rab7 56. Qa3 Qa6 57. Rb3 Ra8 58. Rbb1 Rbb8 59. Rb3 Ba5 60. Nb6 Ne1+ 61. Kb1 Qf1 62. bxa5 Qxf2 63. Qa2 Qxe3 1-0

[Event "Nova Gorica op 24th"]
[Site "Nova Gorica"]
[Date "2019.01.31"]
[Round "9"]
[White "Trussevich, Simon"]
[Black "Bajo, Tin"]
[Result "1-0"]
[WhiteElo "2175"]
[BlackElo "1925"]
[PlyCount "97"]
[EventDate "2019.01.25"]
[EventType "swiss"]
[EventRounds "9"]
[EventCountry "SLO"]
[SourceTitle "CBM 188 Extra"]
[Source "ChessBase"]
[SourceDate "2019.02.26"]
[SourceVersion "1"]
[SourceVersionDate "2019.02.26"]
[SourceQuality "1"]

1. d4 d5 2. c4 e6 3. Nc3 Nf6 4. Nf3 Bb4 5. cxd5 exd5 6. Bg5 0-0 7. Qc2 c6 8. e3 Nbd7 9. Bd3 Be7 10. h3 Re8 11. 0-0 Nf8 12. Bf4 Bd6 13. Bxd6 Qxd6 14. Na4 Ne4 15. Rfc1 Ng6 16. Nc5 f5 17. b4 a6 18. a4 b6 19. Nb3 Bd7 20. a5 Reb8 21. axb6 Rxb6 22. Nc5 Rxb4 23. Nxa6 Rb7 24. Nc5 Rxa1 25. Rxa1 Nxc5 26. dxc5 Qf8 27. Nd4 Ne7 28. Ra6 g6 29. Qa4 Qf6 30. Rb6 Rc7 31. Qa8+ Qf8 32. Qa5 Kg7 33. Qc3 Qf6 34. Qa3 f4 35. Nb5 Rc8 36. Nd6 Rd8 37. exf4 Qxf4 38. Rb7 Ng8 39. Qa5 Qf8 40. Qc3+ Nf6 41. Qe5 Kg8 42. f4 Ne8 43. Ne4 Qg7 44. Qxg7+ Kxg7 45. Ng5 Kg8 46. Nf3 Nf6 47. Ne5 Kf8 48. Rc7 Rc8 49. Nxd7+ 1-0

[Event "Nova Gorica op 24th"]
[Site "Nova Gorica"]
[Date "2019.01.27"]
[Round "5"]
[White "Trussevich, Simon"]
[Black "Di Benedetto, Edoardo"]
[Result "0-1"]
[WhiteElo "2175"]
[BlackElo "2353"]
[PlyCount "108"]
[EventDate "2019.01.25"]
[EventType "swiss"]
[EventRounds "9"]
[EventCountry "SLO"]
[SourceTitle "CBM 188 Extra"]
[Source "ChessBase"]
[SourceDate "2019.02.26"]
[SourceVersion "1"]
[SourceVersionDate "2019.02.26"]
[SourceQuality "1"]

1. d4 d5 2. c4 e6 3. Nc3 c6 4. cxd5 exd5 5. Nf3 Bd6 6. Bg5 Ne7 7. e3 Bf5 8. Bd3 Bxd3 9. Qxd3 0-0 10. Bh4 Qd7 11. Bg3 Nf5 12. Bxd6 Nxd6 13. 0-0 Qe7 14. Na4 Ne4 15. Rac1 Nd7 16. Nd2 f5 17. f3 Nd6 18. Nc5 Rae8 19. Nxd7 Qxd7 20. Rfe1 Rf6 21. Re2 Rfe6 22. Rce1 Qe7 23. b3 g5 24. Nf1 g4 25. Ng3 Qg5 26. Kh1 Kh8 27. fxg4 fxg4 28. Qc3 Kg8 29. a4 h5 30. e4 dxe4 31. Nf1 Rf6 32. Nd2 Ref8 33. Kg1 Qd5 34. Nc4 Qf7 35. Qc1 Qd5 36. Qc3 Re8 37. Ne3 Qf7 38. Qc5 Rf8 39. b4 Nf5 40. Nxf5 Rxf5 41. Qc1 Qb3 42. Rxe4 Qd3 43. g3 a6 44. Qd1 Qc4 45. Qb1 R8f7 46. d5 Qc3 47. R4e3 Rf1+ 48. Rxf1 Qxe3+ 49. Kg2 Qe2+ 50. Kg1 Rxf1+ 51. Qxf1 Qxf1+ 52. Kxf1 cxd5 53. Ke2 Kf7 54. Kd3 Ke6 0-1

[Event "Nova Gorica op 24th"]
[Site "Nova Gorica"]
[Date "2019.01.26"]
[Round "2"]
[White "Trussevich, Simon"]
[Black "Liu, Zhaoqi"]
[Result "1/2-1/2"]
[WhiteElo "2175"]
[BlackElo "2300"]
[PlyCount "126"]
[EventDate "2019.01.25"]
[EventType "swiss"]
[EventRounds "9"]
[EventCountry "SLO"]
[SourceTitle "CBM 188 Extra"]
[Source "ChessBase"]
[SourceDate "2019.02.26"]
[SourceVersion "1"]
[SourceVersionDate "2019.02.26"]
[SourceQuality "1"]

1. d4 Nf6 2. Nf3 c5 3. c3 e6 4. Bf4 d5 5. e3 Nc6 6. Nbd2 cxd4 7. cxd4 Nh5 8. Bg3 Nxg3 9. hxg3 Bd6 10. Be2 Bd7 11. 0-0 Qb6 12. Qb3 Ke7 13. Qd3 Nb4 14. Qb3 Nc6 15. Qd3 Nb4 16. Qb3 a5 17. a4 f5 18. Rfc1 Rhc8 19. Ne1 Rc6 20. Rc3 Qd8 21. Rxc6 bxc6 22. Qc3 Rb8 23. Nb3 Be8 24. Nc5 Kf6 25. g4 g5 26. g3 Qe7 27. f4 Qg7 28. Nf3 gxf4 29. g5+ Ke7 30. gxf4 h6 31. Kf2 hxg5 32. Nxg5 Qh6 33. Kg2 Bf7 34. Rh1 Qf6 35. Rh7 Rg8 36. Bh5 Rxg5+ 37. fxg5 Qxg5+ 38. Kf1 Qh4 39. Rxf7+ Ke8 40. Rh7+ Kf8 41. Nxe6+ Kg8 42. Bg6 Qg3 43. Rg7+ Kh8 44. Rh7+ Kg8 45. Rg7+ Kh8 46. Qd2 Qf3+ 47. Qf2 Qd1+ 48. Kg2 Qg4+ 49. Kh1 Qh3+ 50. Kg1 Qg4+ 51. Kf1 Qd1+ 52. Qe1 Qf3+ 53. Kg1 Qg4+ 54. Kf1 Qf3+ 55. Qf2 Qd1+ 56. Kg2 Qg4+ 57. Kh1 Qh3+ 58. Kg1 Qg4+ 59. Qg2 Qd1+ 60. Qf1 Qg4+ 61. Qg2 Qd1+ 62. Qf1 Qg4+ 63. Qg2 Qd1+ 1/2-1/2

[Event "Nova Gorica op 24th"]
[Site "Nova Gorica"]
[Date "2019.01.25"]
[Round "1"]
[White "Subelj, Jan"]
[Black "Trussevich, Simon"]
[Result "1-0"]
[WhiteElo "2409"]
[BlackElo "2175"]
[PlyCount "74"]
[EventDate "2019.01.25"]
[EventType "swiss"]
[EventRounds "9"]
[EventCountry "SLO"]
[SourceTitle "CBM 188 Extra"]
[Source "ChessBase"]
[SourceDate "2019.02.26"]
[SourceVersion "1"]
[SourceVersionDate "2019.02.26"]
[SourceQuality "1"]

1. e4 c5 2. Nf3 d6 3. c3 Nf6 4. h3 g6 5. Bd3 Bg7 6. Bc2 0-0 7. d4 cxd4 8. cxd4 Nc6 9. 0-0 e5 10. d5 Nb4 11. Bb3 a5 12. Nc3 Nh5 13. a3 Na6 14. Bg5 Bf6 15. Be3 b6 16. Ba4 Nf4 17. Bc6 Rb8 18. Ne2 Nxe2+ 19. Qxe2 Nc5 20. Qc2 Bg7 21. b4 axb4 22. axb4 Nd7 23. Ra7 Nf6 24. Rfa1 Nh5 25. Ra8 Rxa8 26. Rxa8 Qc7 27. Nd2 f5 28. Nc4 b5 29. Bxb5 fxe4 30. Bb6 Qe7 31. Ne3 Bb7 32. Ra7 Nf4 33. Qc7 Qg5 34. Rxb7 Nxh3+ 35. Kh2 Qf4+ 36. g3 Qxf2+ 37. Kxh3 Rf7 1-0

[Event "SLO-chT2 West"]
[Site "Komenda"]
[Date "2018.11.11"]
[Round "4.2"]
[White "Trussevich, Simon"]
[Black "Baric, Dusan"]
[Result "1-0"]
[WhiteElo "2009"]
[BlackElo "2091"]
[PlyCount "87"]
[EventDate "2018.11.10"]
[EventType "team-tourn"]
[EventRounds "7"]
[EventCountry "SLO"]
[SourceTitle "EXT 2020"]
[Source "ChessBase"]
[SourceDate "2019.10.17"]
[SourceVersion "1"]
[SourceVersionDate "2019.10.17"]
[SourceQuality "1"]
[WhiteTeam "Ljubljana SK II"]
[BlackTeam "Stari Trg ob Kolpi"]
[WhiteTeamCountry "SLO"]
[BlackTeamCountry "SLO"]

1. d4 Nf6 2. c4 c5 3. d5 d6 4. Nc3 g6 5. e4 Bg7 6. Nf3 0-0 7. h3 Na6 8. Bd3 Bd7 9. 0-0 Rb8 10. Re1 Nc7 11. a4 b6 12. e5 dxe5 13. Nxe5 a6 14. Bf4 Nfe8 15. Nxd7 Qxd7 16. Qe2 Bf6 17. Ne4 Bd4 18. Ng5 Bf6 19. Ne4 Bd4 20. Ng5 Bf6 21. Nf3 Nd6 22. Ne5 Bxe5 23. Qxe5 Rfe8 24. Bh6 f6 25. Qg3 Kf7 26. h4 Rb7 27. Bf4 Nf5 28. Bxf5 gxf5 29. Bxc7 Rxc7 30. Re6 b5 31. axb5 axb5 32. b3 bxc4 33. bxc4 Rg8 34. Qf4 Ra7 35. Rxa7 Qxa7 36. Qxf5 Rg6 37. Re1 Rg7 38. Qe6+ Kg6 39. Qg4+ Kh6 40. Qf5 Qa5 41. Re4 Qc3 42. g4 Qa1+ 43. Kg2 Qc3 44. Qh5# 1-0

[Event "SLO-chT2 West"]
[Site "Komenda"]
[Date "2018.11.10"]
[Round "1.2"]
[White "Trussevich, Simon"]
[Black "Novakovic, Novica"]
[Result "1-0"]
[WhiteElo "2009"]
[BlackElo "1686"]
[PlyCount "93"]
[EventDate "2018.11.10"]
[EventType "team-tourn"]
[EventRounds "7"]
[EventCountry "SLO"]
[SourceTitle "EXT 2020"]
[Source "ChessBase"]
[SourceDate "2019.10.17"]
[SourceVersion "1"]
[SourceVersionDate "2019.10.17"]
[SourceQuality "1"]
[WhiteTeam "Ljubljana SK II"]
[BlackTeam "Komenda SK II"]
[WhiteTeamCountry "SLO"]
[BlackTeamCountry "SLO"]

1. d4 d5 2. c4 c6 3. e3 Nf6 4. Nc3 e6 5. Nf3 Be7 6. Bd3 0-0 7. 0-0 dxc4 8. Bxc4 Nbd7 9. a3 Nb6 10. Be2 Nbd5 11. Qc2 Qc7 12. g3 Bd7 13. Bd3 Rac8 14. e4 Nxc3 15. bxc3 g6 16. c4 Ne8 17. Bf4 Qa5 18. Ne5 Qd8 19. c5 f6 20. Nc4 g5 21. Be3 b6 22. e5 f5 23. Rab1 b5 24. Nd6 Ra8 25. a4 a6 26. Bd2 Qb8 27. g4 Bxd6 28. cxd6 h6 29. gxf5 exf5 30. Qb3+ Kg7 31. e6 Qxd6 32. exd7 Qxd7 33. Bb4 Rf7 34. axb5 axb5 35. Rfe1 f4 36. Qe6 Qxd4 37. Qg6+ Kh8 38. Qxf7 Qxd3 39. Rxe8+ Rxe8 40. Qxe8+ Kg7 41. Bf8+ Kf6 42. Re1 Qf5 43. Qe7+ Kg6 44. Qg7+ Kh5 45. Qxh6+ Kg4 46. h3+ Kf3 47. Qh5+ 1-0

[Event "SLO-chT U16"]
[Site "Murska Sobota"]
[Date "2018.05.13"]
[Round "4"]
[White "Trussevich, Simon"]
[Black "Olenik Campa, Rudi"]
[Result "1-0"]
[WhiteElo "1932"]
[BlackElo "1585"]
[PlyCount "64"]
[EventDate "2018.05.11"]
[EventType "team-swiss"]
[EventRounds "5"]
[EventCountry "SLO"]
[SourceTitle "EXT 2020"]
[Source "ChessBase"]
[SourceDate "2019.10.17"]
[SourceVersion "1"]
[SourceVersionDate "2019.10.17"]
[SourceQuality "1"]

1. d4 e6 2. c4 d5 3. Nc3 Bb4 4. cxd5 exd5 5. Qb3 c5 6. dxc5 Nc6 7. Bd2 Be6 8. Qa4 Bxc5 9. e3 a6 10. Nf3 Nf6 11. Ne5 Qd6 12. Nxc6 Qxc6 13. Qxc6+ bxc6 14. Na4 Be7 15. Rc1 0-0 16. b3 Bd7 17. Nb6 Ra7 18. Nxd7 Nxd7 19. Rxc6 a5 20. Ra6 Rfa8 21. Rxa7 Rxa7 22. Bb5 Nc5 23. f3 a4 24. b4 Ne6 25. a3 Nc7 26. Bd3 Bf6 27. Ke2 Na8 28. Rc1 Kf8 29. Rc6 Bd8 30. Bc3 g6 31. Bd4 Rb7 32. Ba6 Rb8 1-0

[Event "Ljubljana-chT 71st"]
[Site "Ljubljana"]
[Date "2018.03.08"]
[Round "5.2"]
[White "Brcar, Ales"]
[Black "Trussevich, Simon"]
[Result "1-0"]
[WhiteElo "2152"]
[BlackElo "1812"]
[PlyCount "89"]
[EventDate "2018.01.11"]
[EventType "team-tourn"]
[EventRounds "9"]
[EventCountry "SLO"]
[SourceTitle "EXT 2020"]
[Source "ChessBase"]
[SourceDate "2019.10.17"]
[SourceVersion "1"]
[SourceVersionDate "2019.10.17"]
[SourceQuality "1"]
[WhiteTeam "Mentor"]
[BlackTeam "Ljubljana SK"]
[WhiteTeamCountry "SLO"]
[BlackTeamCountry "SLO"]

1. d4 d5 2. c4 e6 3. Nc3 Nf6 4. cxd5 exd5 5. Bg5 Be7 6. e3 0-0 7. Bd3 h6 8. Bf4 b6 9. Rc1 c6 10. Nf3 Bb7 11. 0-0 Nbd7 12. h3 c5 13. Bb1 Re8 14. Nb5 Ba6 15. Nc7 Bxf1 16. Qxf1 Nf8 17. dxc5 bxc5 18. Nxe8 Qxe8 19. Rd1 Qa4 20. Be5 Rd8 21. Rd3 c4 22. Qd1 Qb5 23. Rd2 Ne6 24. Nd4 Nxd4 25. Bxd4 a6 26. Bc3 Rb8 27. Qf3 Bb4 28. Bxf6 Bxd2 29. Qg4 g5 30. Qf5 Kf8 31. Qh7 Ke8 32. Qg8+ Kd7 33. Qxf7+ Kc6 34. Be5 Ba5 35. Bf5 Rd8 36. Bf6 Qb7 37. Qe6+ Rd6 38. Qe8+ Kb6 39. Bd4+ Kc7 40. Be5 Bb4 41. a3 Bc5 42. Qd7+ Kb8 43. Bxd6+ Bxd6 44. Qxd6+ Ka8 45. Be6 1-0

[Event "SLO-ch U14"]
[Site "Portoroz"]
[Date "2018.02.27"]
[Round "6"]
[White "Marn, Jan"]
[Black "Trussevich, Simon"]
[Result "1/2-1/2"]
[WhiteElo "2035"]
[BlackElo "1812"]
[PlyCount "65"]
[EventDate "2018.02.24"]
[EventType "swiss"]
[EventRounds "9"]
[EventCountry "SLO"]
[SourceTitle "EXT 2019"]
[Source "ChessBase"]
[SourceDate "2018.10.10"]
[SourceVersion "1"]
[SourceVersionDate "2018.10.10"]
[SourceQuality "1"]

1. d4 d5 2. Nf3 Nf6 3. e3 e6 4. Bd3 Be7 5. 0-0 0-0 6. b3 b6 7. Bb2 Bb7 8. Ne5 c5 9. Nd2 Nc6 10. a3 Qd6 11. Qf3 Nd7 12. Qh3 g6 13. Ng4 cxd4 14. exd4 h5 15. Ne3 Bf6 16. Nf3 Rfe8 17. g4 hxg4 18. Nxg4 Bg7 19. Nh6+ Bxh6 20. Qxh6 Qf8 21. Qh3 Kg7 22. Qg3 Ne7 23. Ne5 Nxe5 24. dxe5 Qh8 25. f4 Kf8 26. a4 Rec8 27. Ba3 Ke8 28. Qg5 Rc7 29. Bd6 Rd7 30. Bb5 Nc6 31. f5 gxf5 32. Rae1 Qh7 33. Re3 1/2-1/2

[Event "SLO-ch U14"]
[Site "Portoroz"]
[Date "2018.02.27"]
[Round "5"]
[White "Trussevich, Simon"]
[Black "Subelj, Jan"]
[Result "0-1"]
[WhiteElo "1812"]
[BlackElo "2220"]
[PlyCount "114"]
[EventDate "2018.02.24"]
[EventType "swiss"]
[EventRounds "9"]
[EventCountry "SLO"]
[SourceTitle "EXT 2019"]
[Source "ChessBase"]
[SourceDate "2018.10.10"]
[SourceVersion "1"]
[SourceVersionDate "2018.10.10"]
[SourceQuality "1"]

1. d4 Nf6 2. c4 e6 3. Nf3 Bb4+ 4. Bd2 Qe7 5. Nc3 b6 6. Qc2 Bb7 7. e3 0-0 8. a3 Bxc3 9. Bxc3 d6 10. Be2 Nbd7 11. 0-0 Ne4 12. Be1 f5 13. Nd2 Qg5 14. f4 Qg6 15. Bf3 Ndf6 16. h3 Rae8 17. Nxe4 Nxe4 18. Bc3 Ba8 19. b4 Qh6 20. Rad1 Ng3 21. Rf2 Ne4 22. Rff1 g5 23. Bxe4 Bxe4 24. Qf2 Rf6 25. fxg5 Qxg5 26. Kh2 Rg6 27. Rg1 Re7 28. g4 Reg7 29. Qf4 Qxf4+ 30. exf4 fxg4 31. Rxg4 Rxg4 32. hxg4 Rxg4 33. Rg1 Rxg1 34. Kxg1 Kf7 35. c5 Kg6 36. cxb6 axb6 37. Kf2 Kf5 38. Kg3 Bc6 39. Be1 Ke4 40. Bf2 Bd7 41. Bg1 h6 42. Bf2 Ba4 43. Bg1 Bd1 44. Bf2 Kd5 45. Be3 Ke4 46. Bf2 h5 47. Bg1 Kd5 48. Be3 Ke4 49. Bf2 Kd5 50. Be3 Kc4 51. Kh4 Kb3 52. d5 exd5 53. f5 Bg4 54. f6 Be6 55. Kxh5 c5 56. Kg5 d4 57. bxc5 dxc5 0-1

[Event "SLO-ch U14"]
[Site "Portoroz"]
[Date "2018.02.25"]
[Round "2"]
[White "Trussevich, Simon"]
[Black "Dajcman, Aleksander"]
[Result "1/2-1/2"]
[WhiteElo "1812"]
[BlackElo "1474"]
[PlyCount "108"]
[EventDate "2018.02.24"]
[EventType "swiss"]
[EventRounds "9"]
[EventCountry "SLO"]
[SourceTitle "EXT 2019"]
[Source "ChessBase"]
[SourceDate "2018.10.10"]
[SourceVersion "1"]
[SourceVersionDate "2018.10.10"]
[SourceQuality "1"]

1. d4 d5 2. c4 dxc4 3. Nc3 Nf6 4. e3 e6 5. Bxc4 c5 6. Nf3 Be7 7. 0-0 0-0 8. Qe2 Nc6 9. Rd1 cxd4 10. exd4 Re8 11. Bg5 Nd5 12. Bxe7 Qxe7 13. Nxd5 exd5 14. Qxe7 Nxe7 15. Bb5 Rd8 16. Re1 Ng6 17. Rac1 Bd7 18. Bxd7 Rxd7 19. g3 f6 20. Rc5 Kf7 21. Rec1 Re8 22. Kf1 Nf8 23. Rc7 Ree7 24. Rxd7 Nxd7 25. Rc7 Nb6 26. Rxe7+ Kxe7 27. b3 Nc8 28. Ke2 Nd6 29. Nd2 f5 30. f3 g5 31. Ke3 f4+ 32. Kd3 fxg3 33. hxg3 h5 34. Nf1 Nf5 35. g4 hxg4 36. fxg4 Nd6 37. Ng3 Ke6 38. Ke3 Ne8 39. Nh5 Kd6 40. Kd3 Kc6 41. a3 Nd6 42. Nf6 Nb5 43. Nh7 Nxa3 44. Nxg5 Nb5 45. Ne6 Kd6 46. Nf4 Nc7 47. Kc3 a5 48. g5 b5 49. g6 Ne8 50. Nh5 Ke7 51. Kd3 Nc7 52. Nf4 Kf6 53. Kc3 Kg7 54. Kd3 Kf6 1/2-1/2

[Event "Nova Gorica op 23rd"]
[Site "Nova Gorica"]
[Date "2018.01.27"]
[Round "3"]
[White "Tica, Sven"]
[Black "Trussevich, Simon"]
[Result "1-0"]
[WhiteElo "2441"]
[BlackElo "1812"]
[PlyCount "51"]
[EventDate "2018.01.26"]
[EventType "swiss"]
[EventRounds "9"]
[EventCountry "SLO"]
[SourceTitle "CBM 182 Extra"]
[Source "ChessBase"]
[SourceDate "2018.02.23"]
[SourceVersion "1"]
[SourceVersionDate "2018.02.23"]
[SourceQuality "1"]

1. d4 d5 2. c4 e6 3. Nf3 Nf6 4. g3 Be7 5. Bg2 0-0 6. 0-0 c6 7. Qc2 Nbd7 8. Nbd2 dxc4 9. Nxc4 Nb6 10. Nce5 Nbd5 11. e4 Nb4 12. Qe2 Nd7 13. Be3 Nxe5 14. Nxe5 b6 15. Rfc1 Bb7 16. Qg4 c5 17. dxc5 bxc5 18. Rd1 Qc8 19. Bh6 Bf6 20. Nd7 Kh8 21. Nxf6 gxh6 22. Qf4 Rg8 23. Nxg8 Kxg8 24. Qxh6 Qc7 25. a3 Na6 26. Qg5+ 1-0